| 000 | 01071cam a22002771i 4500 | ||
|---|---|---|---|
| 003 | SA-RiAUC | ||
| 005 | 20241221061722.0 | ||
| 008 | 241216s2001 ir g 000 0dara c | ||
| 040 |
_aIQ-KaIHL _bara _cSA-RiAUC. _erda |
||
| 050 | 4 | _bM3353 2001 | |
| 082 | 0 | 4 |
_a247.5 _qSA-RiAUC |
| 090 |
_a247.5 _bم د ر |
||
| 110 | 2 |
_aمدرسة الإمام باقر العلوم _eمؤلف. |
|
| 245 | 1 | 0 |
_aكتاب الله وأهل البيت في حديث الثقلين / _cتأليف مدرسة الإمام باقر العلوم. |
| 246 | 3 | 0 | _aالله وأهل البيت في حديث الثقلين |
| 250 | _aالطبعة الأولى. | ||
| 264 | 1 |
_aقم، إيران : _bدليل ما، _c[2001] |
|
| 300 |
_aصفحة ؛ _c24 سم |
||
| 336 |
_aنص _btxt _2rdacontent _3كتاب |
||
| 337 |
_aبدون وسيط _bn _2rdamedia |
||
| 338 |
_aمجلد _bnc _2rdacarrier |
||
| 650 | 7 |
_aالحديث (شيعة) _xشرح _2aucsh |
|
| 650 | 7 |
_aأهل بيت الرسول (شيعة) _2aucsh |
|
| 942 |
_2ddc _cBOOK _n0 |
||
| 949 |
_aSA-JeALM _d241216 _umohamedma123 _n1 |
||
| 999 |
_c3720 _d3720 |
||